music trivia: 1994 songs and artists - Statistics

General Stats
  • This quiz has been taken 169 times
    72 since last reset
  • The average score is 8 of 15
Answer Stats
this song is associated with... ...this group or artist from 1994 % Correct
Zombie The Cranberries
95%
Buddy Holly Weezer
84%
Kiss From a Rose Seal
80%
Loser Beck
77%
Streets of Philadelphia Bruce Springsteen
67%
Mary Jane's Last Dance Tom Petty & the Heartbreakers
55%
Stay (I Missed You) Lisa Loeb
53%
What's the Frequency, Kenneth? R.E.M.
52%
All I Wanna Do Sheryl Crow
50%
I Swear All-4-One or John Michael Montgomery
48%
Shine Collective Soul or Aswad
42%
Mmm Mmm Mmm Mmm Crash Test Dummies
41%
Run-Around Blues Traveler
27%
Because the Night 10,000 Maniacs
16%
The More You Ignore Me, The Closer I Get Morrissey
8%
No matching quizzes found
Score Distribution
Percent of People with Each Score
Percentile by Number Answered
Your Score History
You have not taken this quiz since the last reset